KNEE SURGERY : COMPLICATIONS PIT FALLS & SALVAGS (Record no. 800047)

MARC details
000 -LEADER
fixed length control field 00378pam a2200157 a 4500
020 ## - INTERNATIONAL STANDARD BOOK NUMBER
Terms of availability
041 ## - LANGUAGE CODE
Language code of original
082 ## - DEWEY DECIMAL CLASSIFICATION NUMBER
Classification number 617.3
Item number MAL
100 ## - MAIN ENTRY--PERSONAL NAME
Personal name MALIK M.M., FANELLI G., JOHNSON D.
245 ## - TITLE STATEMENT
Title KNEE SURGERY : COMPLICATIONS PIT FALLS & SALVAGS
Medium Textual Documents
250 ## - EDITION STATEMENT
Edition statement 1.
260 ## - PUBLICATION, DISTRIBUTION, ETC.
Name of publisher, distributor, etc. SPRINGER
Date of publication, distribution, etc. 2000
300 ## - PHYSICAL DESCRIPTION
Extent 507:
Other physical details XIX;
Dimensions HB.
650 ## - SUBJECT ADDED ENTRY--TOPICAL TERM
Topical term or geographic name entry element ORTHO
930 ## - EQUIVALENCE OR CROSS-REFERENCE-UNIFORM TITLE HEADING [LOCAL, CANADA]
Uniform title 5520
Holdings
Withdrawn status Lost status Damaged status Not for loan Collection Home library Current library Date acquired Source of acquisition Cost, normal purchase price Total Checkouts Full call number Barcode Date due Date last seen Date last checked out Copy number Price effective from Koha item type
          Medical College & Hospital, Sangli Medical College & Hospital, Sangli 02/10/2012 B.M.S.G.B.PUNE 17952.90 1 617.3 MAL MCS-10578 01/10/2043 06/10/2023 06/10/2023 1 26/07/2023 Book